Pokémon - Mega-Entwicklungen - Statistiken

Allgemein
  • Dieses Quiz wurde 115 mal gespielt
  • Das Durchschnittsergebnis liegt bei 45 aus 93
Antwortstatistiken
Hint Antwort % Korrekt
003 Bisaflor
97%
009 Turtok
97%
006 Glurak X
95%
006 Glurak Y
95%
015 Bibor
92%
150 Mewtu X
89%
150 Mewtu Y
89%
018 Tauboss
86%
149 Dragoran
84%
094 Gengar
78%
115 Kangama
76%
448 Lucario
73%
154 Meganie
73%
130 Garados
70%
254 Gewaldro
70%
260 Sumpex
70%
257 Lohgock
68%
065 Simsala
68%
026 Raichu X
65%
026 Raichu Y
65%
384 Rayquaza
65%
157 Impergator
62%
208 Stahlos
62%
142 Aerodactyl
59%
282 Guardevoir
59%
127 Pinsir
59%
071 Sarzenia
57%
306 Stolloss
57%
319 Tohaido
57%
359 Absol
54%
323 Camerupt
54%
248 Despotar
54%
445 Knakrack
54%
380 Latias
54%
381 Latios
54%
212 Scherox
54%
181 Ampharos
51%
303 Flunkifer
51%
080 Lahmus
51%
310 Voltenso
51%
373 Brutalanda
49%
229 Hundemon
49%
121 Starmie
49%
491 Darkrai
46%
376 Metagross
46%
036 Pixi
46%
658 Quajutsu
46%
302 Zobiris
46%
334 Altaria
43%
475 Galagladi
43%
531 Ohrdoch
43%
448 Lucario Z
41%
308 Meditalis
41%
227 Panzaeron
41%
428 Schlapor
41%
214 Skaraborn
41%
719 Diancie
38%
362 Firnontor
38%
500 Flambirex
38%
478 Frosdedje
38%
485 Heatran
38%
655 Fennexis
35%
668 Pyroleo
35%
460 Rexblisar
35%
604 Zapplarang
35%
718 Zygarde
35%
359 Absol Z
32%
652 Brigaron
32%
545 Cerapendra
32%
870 Legios
32%
530 Stalobor
32%
807 Zeraora
32%
354 Banette
30%
445 Knakrack Z
30%
801 Magearna
30%
358 Palimpalim
30%
609 Skelabra
30%
687 Calamanero
27%
398 Staraptor
27%
691 Tandrak
27%
998 Espinodon
24%
780 Sen-Long
24%
689 Thanathora
24%
670 Floette
22%
952 Halupenjo
22%
560 Irokex
22%
678 Psiaugon
22%
701 Resladero
22%
768 Tectass
22%
623 Golgantes
19%
970 Lumiflora
16%
740 Krawell
14%
978 Nigiragi
11%
Keine übereinstimmenden Quizze gefunden
Verteilung der Resultate
Anzahl Personen mit jedem Resultat
Perzentil nach korrekt beantworteten Fragen
Ihre Resultats-Entwicklung
Sie haben dieses Quiz noch nicht gespielt